| 000 | 01260nam a2200217Ia 4500 | ||
|---|---|---|---|
| 003 | Ost | ||
| 005 | 20260507075622.0 | ||
| 008 | 260507s9999||||xx |||||||||||||| ||und|| | ||
| 020 | _a9789947780978 | ||
| 040 | _cfsecg | ||
| 041 | _aara | ||
| 082 | _a330 | ||
| 100 |
_aبوحفص، حاكمي _eمؤلف |
||
| 245 | 0 |
_aمحاضرات في علم الإقتصاد / _c حاكمي بوحفص |
|
| 260 |
_aالجزائر: _bالنشر الجامعي الجديد, _c2020 |
||
| 300 |
_a172 صفحة؛ _bإيضاحات ؛ _c23 سم |
||
| 504 | _aالمراجع ص.169 نماذج من الأسئلة لمراجعة والتدريب على الإجابة النموذجية ص.161 | ||
| 520 | _aيوجه هذا الكتاب لطلبة السنة الأولى علوم اقتصادية نظام (ل.م.د) ويظم وحدات مقياس مدخل الى علم الاقتصاد و الأفكار التي سبقت تأسيس علم الاقتصاد، بالاضافة الى المدرسة الكلاسيكية وتأسيس علم الاقتصاد، والإقتصاد ومرحلة الثورة الكينيزية، الكيانات الكبري والظواهر الاقتصادية المعاصرة. | ||
| 653 | _aعلم الاقتصاد | ||
| 942 | _cكتاب | ||
| 999 |
_c45146 _d45146 |
||